1785 1485 1231 1452 1424 1828 1214 1655 1705 1757 1900 1429 1470 1484 1930 1046 1357 1894 1375 1586 1304 1997 1155 1640 1468 1461 1966 1947 1242 1027 1621 1886 1605 1567 1126 1780 1566 1949 1428 1581 1986 1264 1932 1387 1641 1345 1488 1241 1010 1073 1961 1566 1630 1247 1102 1954 1871 1039 1428 1975 1841 1332 1550 1423 1382 1697 1349 1870 1777 1036 1946 1967 1207 1617 1433 1706 1911 1603 1612 1021 1522 1337 1980 1850 1323 1636 1877 1084 1609 1720 1293 1315 1463 1665 1945 1068 1404 1338 1611 BCNSPRNW ULIB Ver.6.0+V

เปลี่ยนเป็นภาษาไทย

Change to English
 แสดงรายละเอียดบรรณานุกรม
  กลับหน้าหลัก

Brief Record : Get Marc (ISO 2709) : E-mail record : QR code < ปิดหน้าต่าง
LEADER : 00000nam 2200000uu 4500
001    13399109130
003     ULIB
008    110322s2544||||th 000 0 tha d
020    9743355324
060 04 WA292^bอ283อ 2544
100 0  อมรชัย หาญผดุงธรรมะ
245 10 อาการอันตราย /^cอมรชัย หาญผดุงธรรมะ
250    พิมพ์ครั้งที่ 1
260    นนทบุรี :^bสนุกอ่าน,^c2544
300    271 หน้า :^bภาพประกอบ ;^c21 ซม.
650  7 ปฐมพยาบาล^vรวมเรื่อง
650  7 บาดแผลและบาดเจ็บ^xการรักษา^vรวมเรื่อง
945    ^p160^l0^i015438
945    ^p160^l0^i015437
945    ^p160^l0^i015436
995    ทศพร
999 ^a ใช้งานได้ทุกระบบ
รายการนี้ยังไม่มีแท็ก
คุณยังไม่ได้ล็อกอิน คุณสามารถมีกิจกรรมร่วมกับเว็บไซต์ได้ แต่ต้องล็อกอินก่อน ::
  ล็อกอิน

รายการสื่อสารสนเทศ

ลำดับที่ ประเภท เลขเรียก/บาร์โค้ด สถานที่ สถานะ
- ไม่พบข้อมูล -

BibComment


ยังไม่เคยถูกคอมเมนท์

คอมเมนท์ทรัพยากรรายการนี้
  คอมเมนท์: อาการอันตราย อมร..


 Copyright 2026. Bcnsprnw @Library